[Event "LII C.to Italiano"]
[Site "Reggio nell'Emilia ITA"]
[Date "1993.01.04"]
[Round "9"]
[White "Godena, Michele"]
[Black "Braga, Fernando Alberto"]
[Result "1/2-1/2"]
[WhiteElo "2435"]
[BlackElo "2385"]
[PlyCount "80"]
[EventDate "1992.12.26"]

1. e4 c5 2. Nf3 Nc6 3. c3 d5 4. exd5 Qxd5 5. d4 Bg4 6. Be2 e6 7. h3 Bxf3 8.
Bxf3 Qd7 9. dxc5 Qxd1+ 10. Kxd1 O-O-O+ 11. Ke2 Bxc5 12. Nd2 Ne5 13. Be4 f5 14.
Bc2 Nf6 15. Nf3 Nf7 16. Re1 h6 17. Kf1 Rhe8 18. b4 Bd6 19. a3 Kb8 20. Nd4 g6
21. Nxe6 Rc8 22. Bd2 Be5 23. Nc5 Red8 24. Rxe5 Rxd2 25. Re7 Nd8 26. Re2 Rxe2
27. Kxe2 b6 28. Na4 Ne6 29. Bb3 Nf4+ 30. Kf3 g5 31. g3 Nxh3 32. Be6 g4+ 33. Kg2
Rd8 34. Bxf5 Rd2 35. Rf1 h5 36. c4 Ra2 37. Nc3 Rxa3 38. Ne4 Nxe4 39. Bxe4 h4
40. Bf5 hxg3 1/2-1/2

[Event "LII C.to Italiano"]
[Site "Reggio nell'Emilia ITA"]
[Date "1993.01.04"]
[Round "9"]
[White "Sarno, Spartaco"]
[Black "Belotti, Bruno"]
[Result "1/2-1/2"]
[WhiteElo "2430"]
[BlackElo "2405"]
[PlyCount "24"]
[EventDate "1992.12.26"]

1. c4 c5 2. Nc3 Nf6 3. g3 e6 4. Nf3 b6 5. Bg2 Bb7 6. O-O Be7 7. Re1 d5 8. cxd5
Nxd5 9. e4 Nxc3 10. bxc3 O-O 11. d4 cxd4 12. cxd4 Nd7 1/2-1/2

[Event "LII C.to Italiano"]
[Site "Reggio nell'Emilia ITA"]
[Date "1993.01.04"]
[Round "9"]
[White "Vaganian, Rafael A."]
[Black "Azmaiparashvili, Zurab A."]
[Result "1/2-1/2"]
[WhiteElo "2635"]
[BlackElo "2620"]
[PlyCount "31"]
[EventDate "1992.12.26"]

1. d4 d6 2. c4 g6 3. Nc3 Bg7 4. e4 e5 5. dxe5 dxe5 6. Qxd8+ Kxd8 7. f4 Be6 8.
Nf3 Nd7 9. Be2 Ne7 10. O-O h6 11. Nd5 c6 12. Nxe7 Kxe7 13. f5 gxf5 14. exf5
Bxf5 15. Nxe5 Be6 16. Nxd7 1/2-1/2

[Event "LII C.to Italiano"]
[Site "Reggio nell'Emilia ITA"]
[Date "1993.01.05"]
[Round "10"]
[White "Belotti, Bruno"]
[Black "Godena, Michele"]
[Result "1-0"]
[WhiteElo "2405"]
[BlackElo "2435"]
[PlyCount "77"]
[EventDate "1992.12.26"]

1. c4 e5 2. d3 Nc6 3. Nc3 g6 4. g3 Bg7 5. Bg2 d6 6. Rb1 Nf6 7. e3 O-O 8. b4 Ne7
9. Nge2 Re8 10. Nd5 Nfxd5 11. cxd5 c6 12. dxc6 bxc6 13. O-O a5 14. b5 Rb8 15.
Nc3 d5 16. Ba3 e4 17. bxc6 Rxb1 18. Nxb1 Nxc6 19. dxe4 Ba6 20. exd5 Bxf1 21.
Bxf1 Nb4 22. Bc4 Qc7 23. Nd2 Bc3 24. Bb3 Qe5 25. Nf3 Qf6 26. Qe2 Qa6 27. Bc4
Qb7 28. e4 Qe7 29. Bd3 f5 30. Bb5 Qxe4 31. Qxe4 Rxe4 32. d6 Bf6 33. d7 Kf8 34.
Bb2 Bd8 35. a3 Nd5 36. Nd4 Re1+ 37. Kg2 Nf6 38. Nc6 Bc7 39. Bxf6 1-0

[Event "LII C.to Italiano"]
[Site "Reggio nell'Emilia ITA"]
[Date "1993.01.05"]
[Round "10"]
[White "Borgo, Giulio"]
[Black "Braga, Fernando Alberto"]
[Result "1/2-1/2"]
[WhiteElo "2360"]
[BlackElo "2385"]
[PlyCount "36"]
[EventDate "1992.12.26"]

1. e4 e6 2. d4 d5 3. Nd2 Nf6 4. e5 Nfd7 5. Bd3 c5 6. c3 Nc6 7. Ne2 cxd4 8. cxd4
f6 9. exf6 Nxf6 10. Nf3 Bd6 11. O-O Qc7 12. Nc3 a6 13. Bg5 O-O 14. Bh4 g6 15.
Bg3 Bxg3 16. hxg3 Qg7 17. Qd2 Bd7 18. Rfe1 Ng4 1/2-1/2

[Event "LII C.to Italiano"]
[Site "Reggio nell'Emilia ITA"]
[Date "1993.01.05"]
[Round "10"]
[White "Garcia Palermo, Carlos Horacio"]
[Black "Manca, Federico"]
[Result "1/2-1/2"]
[WhiteElo "2440"]
[BlackElo "2390"]
[PlyCount "80"]
[EventDate "1992.12.26"]

1. c4 Nf6 2. Nc3 g6 3. d4 Bg7 4. e4 d6 5. f4 O-O 6. Nf3 c5 7. dxc5 Qa5 8. Bd3
Qxc5 9. Qe2 Bg4 10. Be3 Qa5 11. O-O Nc6 12. Rac1 Nd7 13. Qd2 Bxf3 14. Rxf3 Bd4
15. Bxd4 Nxd4 16. Rf2 Nc6 17. Bb1 Nf6 18. Nd5 Qxd2 19. Nxf6+ Kg7 20. Nh5+ Kh6
21. Rxd2 Kxh5 22. c5 dxc5 23. Rxc5+ Kh6 24. Kf2 Rfd8 25. Rcd5 Kg7 26. Ke3 Kf8
27. Rxd8+ Rxd8 28. Rxd8+ Nxd8 29. e5 Ke8 30. g4 Nc6 31. Be4 Kd7 32. a3 f6 33.
exf6 exf6 34. b4 b6 35. Kd3 Ne7 36. Kc4 f5 37. gxf5 gxf5 38. Bc2 Kc6 39. Kd4
Kd6 40. Bb1 h6 1/2-1/2

[Event "LII C.to Italiano"]
[Site "Reggio nell'Emilia ITA"]
[Date "1993.01.05"]
[Round "10"]
[White "Vezzosi, Paolo"]
[Black "Sarno, Spartaco"]
[Result "1/2-1/2"]
[WhiteElo "2325"]
[BlackElo "2430"]
[PlyCount "34"]
[EventDate "1992.12.26"]

1. c4 Nf6 2. Nc3 e5 3. g3 d5 4. cxd5 Nxd5 5. Bg2 Nb6 6. Nf3 Nc6 7. O-O Be7 8.
d3 O-O 9. Be3 f5 10. Na4 Qe8 11. Bc5 Be6 12. Bxe7 Qxe7 13. Qc2 Rae8 14. Nc5 Bd5
15. Qc3 Nd8 16. a4 Nf7 17. Rac1 Nd6 1/2-1/2